Teatro selecto de Antonio Acevedo Hernández
Wedi'i Gadw mewn:
| Fformat: | Llyfr |
|---|---|
| Iaith: | Sbaeneg |
| Cyhoeddwyd: |
Santiago
RIL
1999
|
| Pynciau: | |
| Tagiau: |
Ychwanegu Tag
Dim Tagiau, Byddwch y cyntaf i dagio'r cofnod hwn!
|
MARC
| LEADER | 00000nam a2200000 a 4500 | ||
|---|---|---|---|
| 001 | UCN1000 | ||
| 003 | CL-VaPUC | ||
| 008 | 010406e19990000CL |||||||||||||||||spa|d | ||
| 082 | 0 | 4 | |a Ch862 |b TEA |2 21 |
| 245 | 1 | 0 | |a Teatro selecto de Antonio Acevedo Hernández |
| 246 | 1 | 0 | |a Almas perdidas |
| 246 | 1 | 3 | |a La canción rota |
| 246 | 1 | 0 | |a Arbol viejo |
| 246 | 1 | 0 | |a Chañarcillo |
| 300 | |a 239 p | ||
| 942 | |c BK | ||
| 945 | |d 20010406 00:00:00 |a vberengu | ||
| 260 | |a Santiago |b RIL |c 1999 | ||
| 600 | 0 | |a Acevedo Hernández, Antonio |9 367509 | |
| 650 | 0 | |a Dramas chilenos |9 313819 | |
| 650 | 0 | |a Literatura chilena |9 308278 | |
| 650 | 0 | |a Teatro chileno |9 266701 | |
| 583 | |a last modification |c 20010406 00:00:00 |k Rodrigo Vera | ||
| 999 | |c 294601 |d 294599 | ||
| 952 | |0 0 |1 0 |4 0 |6 CH_862_000000000000000_TEA_1999 |7 0 |8 A |9 347138 |a BIBING |b BIBING |d 2019-11-20 |i 3711692 |o Ch862 TEA 1999 |p 3711692 |r 2025-01-20 |w 2019-11-20 |y BK |k CUI | ||